000 00832nam a2200241Ia 4500
003 OSt
005 20220923220829.0
006 a|||||r|||| 00| 0
007 ta
008 220922b |||||||| |||| 00| 0 hin d
024 _a191,099
037 _cTextual
040 _aARTS
_cARTS
_bhin
041 _2hin
_ahin
082 _aR6930aY:1v, 152L7
100 _aभास्कर, भाग चन्द्र
245 0 _aजैन दर्शन और संस्कृति का इतिहास
246 _aJain darshan aur sanskṛuti kā itihāsa
260 _aनागपुर
_b नागपुर विद्यापीठ
_c1977
300 _a432पृ.
_ccm.
942 _hR6930aY:1v, 152L7
_cTEXL
_2CC
999 _c343819
_d343819